Alle Bahnhöfe der Stadt Winterthur - Statistiken

Allgemein
  • Dieses Quiz wurde 109 mal gespielt
  • Das Durchschnittsergebnis liegt bei 7 aus 10
Antwortstatistiken
Tägliche Passagiere Antwort % Korrekt
109'300 Winterthur
100%
5'700 Oberwinterthur
97%
3'500 Seen
96%
720 Töss
93%
2'400 Grüze
82%
840 Wülflingen
81%
620 Hegi
70%
670 Sennhof-Kyburg
53%
1'400 Wallrüti
35%
280 Reutlingen
27%
Keine übereinstimmenden Quizze gefunden
Verteilung der Resultate
Anzahl Personen mit jedem Resultat
Perzentil nach korrekt beantworteten Fragen
Ihre Resultats-Entwicklung
Sie haben dieses Quiz noch nicht gespielt